000 01182cam a22003733a 4500
001 76
003 PGUSA
005 20140828082943.0
008 040629s2004||||xxu|||||s|||||000 1 eng d
040 _aPGUSA
_beng
042 _adc
050 4 _aPS
100 1 _aTwain, Mark,
_d1835-1910
245 1 0 _aAdventures of Huckleberry Finn
_h[electronic resource] /
_cMark Twain
260 _bProject Gutenberg,
_c2004
500 _aWikipedia: http://en.wikipedia.org/wiki/Adventures_of_Huckleberry_Finn
506 _aPublic domain in the USA.
516 _aElectronic text
653 _aRace relations -- Fiction
653 _aFinn, Huckleberry (Fictitious character) -- Fiction
653 _aFugitive slaves -- Fiction
653 _aMississippi River -- Fiction
653 _aBoys -- Fiction
653 _aAdventure stories
653 _aBildungsromans
653 _aMissouri -- Fiction
653 _aHumorous stories
653 _aMale friendship -- Fiction
653 _aRunaway children -- Fiction
700 1 _aKemble, E. W.
_q(Edward Windsor),
_d1861-1933
830 0 _aProject Gutenberg
_v76
856 4 0 _uhttp://www.gutenberg.org/ebooks/76
942 _cEB
999 _c229447
_d229447